000 00337nam a22001457a 4500
003 OSt
005 20160727222411.0
008 160624b xxu||||| |||| 00| 0 eng d
040 _cTEST
100 _9999
_aGeseh, G. R
245 _aHelp Im In College
260 _aLONDON
_bCANCORDIA
_c1970
300 _aHelp Im In College
942 _2ddc
_cBK
999 _c797
_d797